[Event "Oberliga Ost A 2017 2018"]
[Site "Germany"]
[Date "2018.04.15"]
[Round "11.3"]
[White "Espig, Lutz"]
[Black "Zimmermann, Rene"]
[Result "1/2-1/2"]
[WhiteElo "2259"]
[BlackElo "2173"]
[PlyCount "57"]
[EventDate "2017.10.22"]
[EventType "team-tourn"]
[EventCountry "GER"]
[WhiteTeam "Plauen SK Koenig"]
[BlackTeam "Dresden SG Gruen Weiss"]
[WhiteTeamCountry "GER"]
[BlackTeamCountry "GER"]

1. Nf3 d5 2. g3 c6 3. Bg2 Bf5 4. b3 Nd7 5. Bb2 h6 6. d3 Ngf6 7. Nbd2 e6 8. O-O
Be7 9. e4 Bh7 10. e5 Ng8 11. Qe2 Bb4 12. a3 Ba5 13. Nd4 Ne7 14. f4 O-O 15. Kh1
Bxd2 16. Qxd2 Qb6 17. Qb4 c5 18. Qxb6 Nxb6 19. Nb5 Nf5 20. Rf2 a6 21. Nc3 Rac8
22. a4 Rc7 23. a5 Nc8 24. Na4 Nce7 25. Ba3 Rfc8 26. Nb6 Rd8 27. Na4 Rdc8 28.
Nb6 Rd8 29. Na4 1/2-1/2

[Event "Oberliga Ost A 2017 2018"]
[Site "Germany"]
[Date "2018.04.15"]
[Round "11.4"]
[White "Hutsch, Oliver"]
[Black "Kunze, Carlo"]
[Result "1/2-1/2"]
[WhiteElo "2161"]
[BlackElo "2235"]
[PlyCount "152"]
[EventDate "2017.10.22"]
[EventType "team-tourn"]
[EventCountry "GER"]
[WhiteTeam "Dresden SG Gruen Weiss"]
[BlackTeam "Plauen SK Koenig"]
[WhiteTeamCountry "GER"]
[BlackTeamCountry "GER"]

1. d4 Nf6 2. g3 d5 3. Bg2 c6 4. Nf3 Bg4 5. O-O Nbd7 6. Ne5 Bf5 7. Nd3 e6 8. b3
Be7 9. a4 O-O 10. c4 Re8 11. Bb2 Qc7 12. Nc3 Rad8 13. f3 dxc4 14. bxc4 e5 15.
e3 exd4 16. exd4 Nb6 17. Ne4 Nxc4 18. Qc1 Nxb2 19. Qxb2 Qb6 20. a5 Qxd4+ 21.
Qxd4 Rxd4 22. Ndf2 b5 23. axb6 axb6 24. Ra6 Nd5 25. Rc1 c5 26. Bf1 Rb8 27. Ra7
Kf8 28. Bb5 Be6 29. Nd3 Nb4 30. Nf4 Bf5 31. Ne2 Rdd8 32. N2c3 Ra8 33. Rb7 Rdb8
34. Rxb8+ Rxb8 35. Ra1 Be6 36. Ra7 f5 37. Nd2 Rd8 38. Nc4 Nc6 39. Rc7 Nd4 40.
Nxb6 Nxb5 41. Nxb5 Rd1+ 42. Kg2 Rd2+ 43. Kg1 c4 44. Nxc4 Rd5 45. Nca3 f4 46.
Nc3 Bc5+ 47. Kh1 Re5 48. Nc2 fxg3 49. Ne4 Be7 50. hxg3 Bd5 51. Nd4 Bxe4 52.
fxe4 Rxe4 53. Nf5 g6 54. Nxe7 Rxe7 55. Rc2 Kg7 56. Kg2 h5 57. Rc5 Kf6 58. Rb5
Re5 59. Rb6+ Kf5 60. Kf3 Ra5 61. Rb4 Rd5 62. Rf4+ Kg5 63. Rb4 Rd3+ 64. Kg2 Kf5
65. Rb5+ Ke4 66. Rb4+ Ke3 67. Rb6 Rd2+ 68. Kh3 g5 69. Rf6 g4+ 70. Kh4 Rh2+ 71.
Kg5 Rf2 72. Rb6 Rh2 73. Rb3+ Ke4 74. Ra3 Rh3 75. Rb3 Rh2 76. Ra3 Rh3 1/2-1/2

[Event "Oberliga Ost A 2017 2018"]
[Site "Germany"]
[Date "2018.04.15"]
[Round "11.5"]
[White "Pfretzschner, Roland"]
[Black "Nake, Matthias"]
[Result "1/2-1/2"]
[WhiteElo "2211"]
[BlackElo "2170"]
[PlyCount "56"]
[EventDate "2017.10.22"]
[EventType "team-tourn"]
[EventCountry "GER"]
[WhiteTeam "Plauen SK Koenig"]
[BlackTeam "Dresden SG Gruen Weiss"]
[WhiteTeamCountry "GER"]
[BlackTeamCountry "GER"]

1. e4 c5 2. Nf3 d6 3. c3 Nf6 4. Be2 Nc6 5. d4 cxd4 6. cxd4 g6 7. Nc3 Bg7 8. O-O
O-O 9. h3 b6 10. Bf4 Bb7 11. d5 Nb8 12. Qd2 Nbd7 13. Bh6 Rc8 14. Bxg7 Kxg7 15.
Rad1 a6 16. Nd4 b5 17. a3 Qb6 18. Qg5 Kh8 19. Bg4 Nxg4 20. hxg4 Nf6 21. Rfe1
Rc4 22. Nce2 Bc8 23. f3 Bd7 24. g3 b4 25. b3 Rc5 26. a4 Kg7 27. Kg2 e5 28. Nf5+
Bxf5 1/2-1/2

[Event "Oberliga Ost A 2017 2018"]
[Site "Germany"]
[Date "2018.04.15"]
[Round "11.6"]
[White "Kunze, Christopher"]
[Black "Zaehringer, Daniel"]
[Result "1/2-1/2"]
[WhiteElo "2114"]
[BlackElo "2015"]
[PlyCount "43"]
[EventDate "2017.10.22"]
[EventType "team-tourn"]
[EventCountry "GER"]
[WhiteTeam "Dresden SG Gruen Weiss"]
[BlackTeam "Plauen SK Koenig"]
[WhiteTeamCountry "GER"]
[BlackTeamCountry "GER"]

1. e4 e5 2. Nc3 Nf6 3. Bc4 Nc6 4. d3 Na5 5. Nge2 Bc5 6. O-O d6 7. Bg5 Nxc4 8.
dxc4 Be6 9. Qd3 h6 10. Bh4 a5 11. Nd5 g5 12. Bg3 h5 13. h3 Nxd5 14. cxd5 Bd7
15. Kh1 h4 16. Bh2 Qf6 17. f3 Ke7 18. Bg1 Bxg1 19. Rxg1 Qg6 20. Nc3 Qf6 21.
Rge1 Rhc8 22. a3 1/2-1/2

[Event "Oberliga Ost A 2017 2018"]
[Site "Germany"]
[Date "2018.04.15"]
[Round "11.7"]
[White "Burian, Simon"]
[Black "Butscher, Daniel"]
[Result "0-1"]
[WhiteElo "1958"]
[BlackElo "2144"]
[PlyCount "100"]
[EventDate "2017.10.22"]
[EventType "team-tourn"]
[EventCountry "GER"]
[WhiteTeam "Plauen SK Koenig"]
[BlackTeam "Dresden SG Gruen Weiss"]
[WhiteTeamCountry "GER"]
[BlackTeamCountry "GER"]

1. e4 e5 2. Nf3 d6 3. d4 exd4 4. Nxd4 Nf6 5. Nc3 Be7 6. Be2 O-O 7. O-O Re8 8.
f4 Bf8 9. Bf3 c5 10. Nb3 Nc6 11. a4 Rb8 12. h3 a6 13. Re1 Nb4 14. Be3 b6 15.
Bf2 Bb7 16. Qd2 Qd7 17. Rad1 Rbd8 18. g4 h6 19. Bg2 d5 20. e5 d4 21. exf6 Bxg2
22. Kxg2 Qc6+ 23. Kg1 dxc3 24. Qxc3 Rxd1 25. Rxd1 Qxa4 26. g5 Qc6 27. gxh6 gxh6
28. Qg3+ Kh8 29. c3 Na2 30. Ra1 Qxf6 31. Rxa2 Bd6 32. Kf1 Qe6 33. Nc1 Bxf4 34.
Bd4+ cxd4 35. Qxf4 Qe1+ 36. Kg2 Rg8+ 37. Kf3 Qf1+ 38. Ke4 Re8+ 39. Kf5 Qxh3+
40. Qg4 Re5+ 41. Kxe5 Qxg4 42. cxd4 Qg5+ 43. Kd6 Qxc1 44. Rxa6 Qxb2 45. d5 Qb4+
46. Kc6 Qc5+ 47. Kb7 Qxd5+ 48. Kxb6 Qe6+ 49. Kb5 Qxa6+ 50. Kxa6 h5 0-1

[Event "Oberliga Ost A 2017 2018"]
[Site "Germany"]
[Date "2018.04.15"]
[Round "11.8"]
[White "Radke, Rocco Mario"]
[Black "Linnert, Niklas"]
[Result "1/2-1/2"]
[WhiteElo "2075"]
[BlackElo "1979"]
[PlyCount "56"]
[EventDate "2017.10.22"]
[EventType "team-tourn"]
[EventCountry "GER"]
[WhiteTeam "Dresden SG Gruen Weiss"]
[BlackTeam "Plauen SK Koenig"]
[WhiteTeamCountry "GER"]
[BlackTeamCountry "GER"]

1. Nf3 Nf6 2. d4 g6 3. g3 Bg7 4. Bg2 O-O 5. O-O c5 6. c4 d6 7. Nc3 cxd4 8. Nxd4
Nbd7 9. b3 Rb8 10. Bb2 a6 11. Qd2 Nc5 12. h3 Bd7 13. Rfc1 Ne6 14. Nd5 Nxd4 15.
Bxd4 Nxd5 16. Bxg7 Kxg7 17. cxd5 Qb6 18. Rc4 Rfc8 19. Rac1 Rxc4 20. Rxc4 Qd8
21. Rh4 h5 22. Bf3 e5 23. dxe6 Bxe6 24. Bxh5 gxh5 25. Rxh5 Qf6 26. Rg5+ Kh8 27.
Rh5+ Kg7 28. Rg5+ Kh8 1/2-1/2

[Event "Oberliga Ost A 2017 2018"]
[Site "Germany"]
[Date "2018.04.15"]
[Round "11.1"]
[White "Natsidis, Christoph"]
[Black "Puls, Thomas"]
[Result "1-0"]
[WhiteElo "2335"]
[BlackElo "2220"]
[PlyCount "89"]
[EventDate "2017.10.22"]
[EventType "team-tourn"]
[EventCountry "GER"]
[WhiteTeam "Leipzig SG"]
[BlackTeam "Halle USV"]
[WhiteTeamCountry "GER"]
[BlackTeamCountry "GER"]

1. d4 f5 2. g3 Nf6 3. Bg2 g6 4. c4 Bg7 5. Nf3 d6 6. b4 a5 7. b5 c6 8. Bb2 e5 9.
dxe5 Ng4 10. Qc2 Nxe5 11. Nbd2 O-O 12. O-O Qe7 13. Rad1 Be6 14. Nd4 Bf7 15.
Rfe1 d5 16. cxd5 cxd5 17. N4f3 Nbd7 18. Nxe5 Nxe5 19. Qc1 Rfd8 20. Qa1 Bf6 21.
Nf3 Nxf3+ 22. Bxf3 Kg7 23. Rd3 Rd7 24. Red1 Rad8 25. e3 b6 26. a4 Bxb2 27.
Qxb2+ Qf6 28. Qd2 Qe5 29. Rd4 Be6 30. Rc1 Rd6 31. Rc3 Rc8 32. Rxc8 Bxc8 33.
Bxd5 h6 34. Bc6 Rf6 35. Rd8 Be6 36. Kg2 g5 37. f4 Qa1 38. Rd4 Bb3 39. fxg5 hxg5
40. e4 f4 41. e5 Rf7 42. gxf4 gxf4 43. Rxf4 Qxe5 44. Rg4+ Kf6 45. Qh6+ 1-0

[Event "Oberliga Ost A 2017 2018"]
[Site "Germany"]
[Date "2018.04.15"]
[Round "11.3"]
[White "Boehnisch, Manfred"]
[Black "Becker, Michael"]
[Result "1-0"]
[WhiteElo "2297"]
[BlackElo "2286"]
[PlyCount "69"]
[EventDate "2017.10.22"]
[EventType "team-tourn"]
[EventCountry "GER"]
[WhiteTeam "Leipzig SG"]
[BlackTeam "Halle USV"]
[WhiteTeamCountry "GER"]
[BlackTeamCountry "GER"]

1. e4 c5 2. Nf3 g6 3. c3 Nf6 4. e5 Nd5 5. d4 cxd4 6. cxd4 Bg7 7. Nc3 Nxc3 8.
bxc3 O-O 9. Be2 Nc6 10. O-O d6 11. exd6 Qxd6 12. a4 Bf5 13. Ba3 Qc7 14. Nd2
Rfd8 15. Bf3 Rac8 16. Re1 e5 17. d5 Na5 18. Bb4 Nc4 19. Nxc4 Qxc4 20. d6 Bd3
21. Bxb7 Rb8 22. Qf3 e4 23. Bxe4 Rxb4 24. cxb4 Bxa1 25. Bxd3 Qd4 26. Re7 f5 27.
Bf1 Qf6 28. Qd5+ Kh8 29. Re6 Qd4 30. Qb7 Qb6 31. Qe7 Bd4 32. a5 Qb8 33. d7 Bc3
34. h3 Rg8 35. Qf7 1-0

[Event "Oberliga Ost A 2017 2018"]
[Site "Germany"]
[Date "2018.04.15"]
[Round "11.4"]
[White "Hartge, Gedeon"]
[Black "Roesemann, Rainer"]
[Result "0-1"]
[WhiteElo "2144"]
[BlackElo "2208"]
[PlyCount "114"]
[EventDate "2017.10.22"]
[EventType "team-tourn"]
[EventCountry "GER"]
[WhiteTeam "Halle USV"]
[BlackTeam "Leipzig SG"]
[WhiteTeamCountry "GER"]
[BlackTeamCountry "GER"]

1. d4 Nf6 2. c4 e6 3. Nc3 Bb4 4. e3 d5 5. cxd5 exd5 6. Qa4+ Nc6 7. Bb5 Bd7 8.
Nf3 Qe7 9. O-O a6 10. a3 Bd6 11. Be2 O-O 12. Qc2 Rfe8 13. b4 Na7 14. Qb3 c6 15.
Na4 Nc8 16. Nc5 Bf5 17. Bb2 Ne4 18. Rfc1 Rb8 19. a4 Bg4 20. Qc2 Nb6 21. Ne5
Bxe2 22. Qxe2 Bxe5 23. dxe5 Nxc5 24. bxc5 Nc4 25. Rxc4 dxc4 26. Qxc4 b5 27.
cxb6 Rxb6 28. Bd4 Qb4 29. Qc1 Rbb8 30. Qxc6 Qb1+ 31. Qc1 Qxc1+ 32. Rxc1 Rec8
33. Rd1 a5 34. f4 Rc4 35. f5 Rxa4 36. Kf2 Rc4 37. f6 g6 38. h4 a4 39. Ra1 Kf8
40. Kf3 Ke8 41. Ke4 Ra8 42. Ra2 Rc1 43. h5 gxh5 44. Kf4 h6 45. Kf5 a3 46. Ke4
Kd7 47. Kf5 Rf1+ 48. Ke4 Ke6 49. Rc2 Kd7 50. Ra2 h4 51. Bc5 Ra4+ 52. Kd3 Ke6
53. Bd4 Rf5 54. Rc2 a2 55. Rc6+ Kd7 56. Rc1 Rf2 57. Rg1 Rb4 0-1

[Event "Oberliga Ost A 2017 2018"]
[Site "Germany"]
[Date "2018.04.15"]
[Round "11.5"]
[White "Rausch, Stephan"]
[Black "Schulte, Felix"]
[Result "0-1"]
[WhiteElo "2229"]
[BlackElo "1967"]
[PlyCount "72"]
[EventDate "2017.10.22"]
[EventType "team-tourn"]
[EventCountry "GER"]
[WhiteTeam "Leipzig SG"]
[BlackTeam "Halle USV"]
[WhiteTeamCountry "GER"]
[BlackTeamCountry "GER"]

1. d4 Nf6 2. Nf3 c5 3. c3 e6 4. e3 b6 5. Bd3 Bb7 6. O-O Be7 7. Nbd2 d5 8. Ne5
Nbd7 9. f4 Qc7 10. g4 O-O 11. Qf3 Rac8 12. g5 Nxe5 13. fxe5 Ne4 14. h4 f6 15.
Nxe4 dxe4 16. Bxe4 fxg5 17. Qg2 Rxf1+ 18. Kxf1 Rf8+ 19. Kg1 Bxe4 20. Qxe4 gxh4
21. Bd2 Bg5 22. Rf1 Rxf1+ 23. Kxf1 Qf7+ 24. Kg2 h6 25. Be1 h3+ 26. Kg3 Qh5 27.
Qa8+ Kf7 28. Qb7+ Be7 29. Qf3+ Qxf3+ 30. Kxf3 g5 31. Bg3 h5 32. Bh2 Kg6 33. e4
g4+ 34. Kf4 Bg5+ 35. Kg3 cxd4 36. cxd4 Be3 0-1

[Event "Oberliga Ost A 2017 2018"]
[Site "Germany"]
[Date "2018.04.15"]
[Round "11.6"]
[White "Luther, Juergen"]
[Black "Schultz, Andreas"]
[Result "1/2-1/2"]
[WhiteElo "2157"]
[BlackElo "2215"]
[PlyCount "35"]
[EventDate "2017.10.22"]
[EventType "team-tourn"]
[EventCountry "GER"]
[WhiteTeam "Halle USV"]
[BlackTeam "Leipzig SG"]
[WhiteTeamCountry "GER"]
[BlackTeamCountry "GER"]

1. d4 d5 2. Nf3 Nf6 3. g3 e6 4. Bg2 c5 5. c3 Be7 6. O-O O-O 7. Bg5 Qb6 8. b3
Nc6 9. e3 h6 10. Bxf6 Bxf6 11. Nbd2 Bd7 12. Rc1 cxd4 13. exd4 Rac8 14. Nb1 Rc7
15. Re1 Rfc8 16. Qd2 Be8 17. h4 a5 18. Bf1 1/2-1/2

[Event "Oberliga Ost A 2017 2018"]
[Site "Germany"]
[Date "2018.04.15"]
[Round "11.7"]
[White "Braun, Gottfried"]
[Black "Hentzgen, Thomas"]
[Result "1-0"]
[WhiteElo "2220"]
[BlackElo "2037"]
[PlyCount "149"]
[EventDate "2017.10.22"]
[EventType "team-tourn"]
[EventCountry "GER"]
[WhiteTeam "Leipzig SG"]
[BlackTeam "Halle USV"]
[WhiteTeamCountry "GER"]
[BlackTeamCountry "GER"]

1. e4 c5 2. c3 Nf6 3. e5 Nd5 4. d4 cxd4 5. cxd4 e6 6. Nf3 b6 7. Bd3 Bb7 8. O-O
Be7 9. Nc3 Nxc3 10. bxc3 Qc7 11. Bd2 O-O 12. Rc1 d6 13. Bf4 Nd7 14. Re1 Rad8
15. Qe2 dxe5 16. Nxe5 Nxe5 17. Bxe5 Bd6 18. Qc2 h6 19. Re3 Bxe5 20. Rxe5 Rd5
21. Rxd5 Bxd5 22. c4 Bb7 23. Bh7+ Kh8 24. Be4 Rd8 25. Bxb7 Qxb7 26. Rd1 Qc6 27.
Qb3 Rc8 28. Rc1 Qd7 29. Qe3 Qa4 30. Qb3 Qd7 31. Qb2 Qd6 32. g3 Kg8 33. Qc3 Rd8
34. Rd1 Qc6 35. Qb3 Rc8 36. Rc1 Qd7 37. Qd3 Qd6 38. Qe4 Qc6 39. Qxc6 Rxc6 40.
Kf1 Kf8 41. Ke2 Ke7 42. Kd3 Kd6 43. Re1 Rc7 44. a4 Rd7 45. Ra1 Kc6 46. f4 Kc7
47. a5 Kc6 48. axb6 axb6 49. Ra8 h5 50. Ke4 g6 51. Rc8+ Kb7 52. Rf8 Kc6 53. h3
Kd6 54. g4 hxg4 55. hxg4 Rb7 56. g5 Ke7 57. Ra8 Kd6 58. Ra6 Kd7 59. Ke5 Ke7 60.
Ra4 Rc7 61. Rb4 Rc6 62. d5 exd5 63. cxd5 f6+ 64. Kd4 Rd6 65. Ra4 fxg5 66. fxg5
Rd7 67. Ke5 b5 68. Rb4 Rb7 69. Rh4 Kd8 70. d6 Rb6 71. Ke6 Kc8 72. Rh8+ Kb7 73.
Ke7 Kc6 74. Rc8+ Kd5 75. d7 1-0

[Event "Oberliga Ost A 2017 2018"]
[Site "Germany"]
[Date "2018.04.15"]
[Round "11.8"]
[White "Hartwig, Maik"]
[Black "Gempe, Thomas"]
[Result "1-0"]
[WhiteElo "2101"]
[BlackElo "2196"]
[PlyCount "145"]
[EventDate "2017.10.22"]
[EventType "team-tourn"]
[EventCountry "GER"]
[WhiteTeam "Halle USV"]
[BlackTeam "Leipzig SG"]
[WhiteTeamCountry "GER"]
[BlackTeamCountry "GER"]

1. d4 g6 2. e4 Bg7 3. Nf3 d6 4. Bc4 Nf6 5. e5 dxe5 6. Nxe5 O-O 7. O-O Nbd7 8.
Nc3 c5 9. Nxd7 Nxd7 10. dxc5 Nxc5 11. Be3 Ne6 12. Qxd8 Rxd8 13. Rad1 Bd7 14.
Nd5 Kf8 15. c3 Rac8 16. Be2 Nc5 17. Bf3 Bb5 18. Rfe1 Nd3 19. Rxd3 Bxd3 20. Bxa7
e6 21. Nb4 Ba6 22. Nxa6 bxa6 23. Be3 Rb8 24. Bc1 Kg8 25. Kf1 h5 26. Ke2 Rb5 27.
c4 Re5+ 28. Kf1 Rxe1+ 29. Kxe1 Rb8 30. b3 Bd4 31. Be3 Bxe3 32. fxe3 a5 33. Kd2
f5 34. Kc3 h4 35. a3 Kf7 36. b4 axb4+ 37. axb4 Ke7 38. c5 e5 39. Bc6 Rc8 40. b5
Rxc6 41. bxc6 Kd8 42. Kc4 Kc7 43. Kd5 e4 44. g3 g5 45. Ke5 f4 46. gxf4 g4 47.
f5 g3 48. hxg3 hxg3 49. f6 g2 50. f7 g1=Q 51. f8=Q Qa1+ 52. Kxe4 Qb1+ 53. Ke5
Qb2+ 54. Ke6 Qb3+ 55. Kf6 Qb2+ 56. Kf7 Qa2+ 57. Ke7 Qa7 58. Kf6 Qa1+ 59. Kg6
Qg1+ 60. Kf7 Kxc6 61. Qd6+ Kb5 62. Qe5 Qg2 63. e4 Qf2+ 64. Qf5 Qa2+ 65. Ke7 Qa3
66. Qd7+ Kc4 67. Qd5+ Kb5 68. e5 Qg3 69. e6 Qg7+ 70. Ke8 Qg6+ 71. Kd7 Qg4 72.
c6+ Kb6 73. c7 1-0

[Event "Oberliga Ost A 2017 2018"]
[Site "Germany"]
[Date "2018.04.15"]
[Round "11.1"]
[White "Reizniece Ozola, Dana"]
[Black "Lechtynsky, Jiri"]
[Result "1/2-1/2"]
[WhiteElo "2283"]
[BlackElo "2367"]
[PlyCount "26"]
[EventDate "2017.10.22"]
[EventType "team-tourn"]
[EventCountry "GER"]
[WhiteTeam "Loeberitz SG"]
[BlackTeam "Hoyerswerda FVS ASP"]
[WhiteTeamCountry "GER"]
[BlackTeamCountry "GER"]

1. c4 Nf6 2. Nc3 c5 3. g3 e6 4. Nf3 b6 5. Bg2 Bb7 6. O-O Be7 7. b3 O-O 8. e3 d5
9. Bb2 Nbd7 10. d3 a6 11. a4 Bc6 12. Qe2 Qc7 13. Rab1 Rab8 1/2-1/2

[Event "Oberliga Ost A 2017 2018"]
[Site "Germany"]
[Date "2018.04.15"]
[Round "11.3"]
[White "Pallas, Sebastian"]
[Black "Orsag, Milan"]
[Result "0-1"]
[WhiteElo "2230"]
[BlackElo "2342"]
[PlyCount "152"]
[EventDate "2017.10.22"]
[EventType "team-tourn"]
[EventCountry "GER"]
[WhiteTeam "Loeberitz SG"]
[BlackTeam "Hoyerswerda FVS ASP"]
[WhiteTeamCountry "GER"]
[BlackTeamCountry "GER"]

1. e4 c5 2. Nf3 e6 3. d4 cxd4 4. Nxd4 Nc6 5. Nxc6 bxc6 6. Bd3 Nf6 7. O-O d6 8.
f4 Be7 9. e5 dxe5 10. fxe5 Qd4+ 11. Kh1 Qxe5 12. Nd2 Bd6 13. Nf3 Qh5 14. Be3
Bb7 15. Bg1 h6 16. Nd2 Qh4 17. Nc4 Bc7 18. Qf3 O-O 19. g3 Qh3 20. Bc5 Ng4 21.
Qg2 Qxg2+ 22. Kxg2 Rfd8 23. h3 Rd5 24. b4 Nf6 25. Ne3 Rdd8 26. Rad1 Nh5 27. Rf3
a5 28. a3 axb4 29. axb4 Ra2 30. Be4 Rxd1 31. Nxd1 f5 32. Bd3 Ba6 33. Bxa6 Rxa6
34. Nc3 Ra1 35. Ne2 Ra2 36. Rc3 Ra6 37. Bd4 Bd6 38. Bc5 Bb8 39. Rd3 Kf7 40.
Rd7+ Kf6 41. g4 Nf4+ 42. Nxf4 Bxf4 43. Bf8 g6 44. Be7+ Ke5 45. Bd6+ Ke4 46.
Bxf4 Kxf4 47. Rd4+ Ke5 48. Rc4 Kd5 49. Rc5+ Kd6 50. Rc3 Ra4 51. Rd3+ Ke7 52.
gxf5 gxf5 53. Rc3 Rxb4 54. Rxc6 Kd7 55. Rc3 Kd6 56. Kf3 Kd5 57. Rc8 Rc4 58. Rh8
Rxc2 59. Rxh6 e5 60. h4 Rc3+ 61. Kf2 Ke4 62. Ra6 Kf4 63. h5 Rh3 64. h6 Kg5 65.
Re6 e4 66. Re8 Rxh6 67. Kg3 f4+ 68. Kg2 Kf5 69. Rf8+ Rf6 70. Re8 Rg6+ 71. Kf2
e3+ 72. Kf1 Ra6 73. Ke1 Ra2 74. Re7 Kg4 75. Rh7 f3 76. Rg7+ Kh5 0-1

[Event "Oberliga Ost A 2017 2018"]
[Site "Germany"]
[Date "2018.04.15"]
[Round "11.4"]
[White "Hovsepyan, Vardan"]
[Black "Proehl, Holger"]
[Result "1/2-1/2"]
[WhiteElo "2218"]
[BlackElo "2364"]
[PlyCount "43"]
[EventDate "2017.10.22"]
[EventType "team-tourn"]
[EventCountry "GER"]
[WhiteTeam "Hoyerswerda FVS ASP"]
[BlackTeam "Loeberitz SG"]
[WhiteTeamCountry "GER"]
[BlackTeamCountry "GER"]

1. e4 e6 2. d4 d5 3. Nc3 Be7 4. e5 c5 5. Qg4 g6 6. Nf3 Nc6 7. dxc5 Bxc5 8. Bd3
Nb4 9. O-O Nxd3 10. cxd3 Bd7 11. b4 Be7 12. Be3 h5 13. Qf4 Nh6 14. Rab1 Nf5 15.
Bc5 Nh4 16. Nxh4 Bxh4 17. b5 Be7 18. Na4 b6 19. Be3 Rc8 20. Rfc1 Rxc1+ 21. Bxc1
Qc7 22. Rb3 1/2-1/2

[Event "Oberliga Ost A 2017 2018"]
[Site "Germany"]
[Date "2018.04.15"]
[Round "11.5"]
[White "Schuetze, Norman"]
[Black "Kesik, Klaus Dieter"]
[Result "1/2-1/2"]
[WhiteElo "2282"]
[BlackElo "2222"]
[PlyCount "117"]
[EventDate "2017.10.22"]
[EventType "team-tourn"]
[EventCountry "GER"]
[WhiteTeam "Loeberitz SG"]
[BlackTeam "Hoyerswerda FVS ASP"]
[WhiteTeamCountry "GER"]
[BlackTeamCountry "GER"]

1. e4 e6 2. d4 d5 3. Nc3 h6 4. Nf3 Nf6 5. e5 Ne4 6. Bd3 Bb4 7. O-O Nxc3 8. bxc3
Bxc3 9. Rb1 c5 10. dxc5 Nc6 11. Qe2 O-O 12. Rb3 Ba5 13. c4 Qe7 14. Bb1 Rd8 15.
Qc2 g6 16. Bxh6 Qxc5 17. Bg5 Qxc4 18. Bxd8 Qxc2 19. Bxc2 Bxd8 20. Bd3 Bb6 21.
h4 Nd4 22. Nxd4 Bxd4 23. Re1 b6 24. Re2 Bd7 25. Ba6 Rd8 26. h5 gxh5 27. Rh3 Kf8
28. Rxh5 Ke7 29. Kf1 Rg8 30. Rh4 Bc3 31. Re3 d4 32. Ree4 b5 33. Rxd4 Bxd4 34.
Rxd4 Rb8 35. Rd6 b4 36. f4 b3 37. axb3 Rxb3 38. Kf2 f6 39. Be2 Rb2 40. Ke3 fxe5
41. fxe5 a5 42. g4 a4 43. Bc4 Rg2 44. Ra6 Rxg4 45. Kd3 Rh4 46. Ra7 Kd8 47. Ba6
a3 48. Bc4 Rg4 49. Kc3 Re4 50. Ra5 Kc7 51. Bd3 Ra4 52. Rxa4 Bxa4 53. Bc4 Kd7
54. Kb4 Bc6 55. Kxa3 Bd5 56. Bb5+ Ke7 57. Kb4 Be4 58. Kc5 Bf5 59. Bc4 1/2-1/2

[Event "Oberliga Ost A 2017 2018"]
[Site "Germany"]
[Date "2018.04.15"]
[Round "11.6"]
[White "Jahnel, Guenther"]
[Black "Schuster, Martin"]
[Result "1/2-1/2"]
[WhiteElo "2222"]
[BlackElo "2205"]
[PlyCount "92"]
[EventDate "2017.10.22"]
[EventType "team-tourn"]
[EventCountry "GER"]
[WhiteTeam "Hoyerswerda FVS ASP"]
[BlackTeam "Loeberitz SG"]
[WhiteTeamCountry "GER"]
[BlackTeamCountry "GER"]

1. d4 Nf6 2. c4 e6 3. Nc3 d5 4. Nf3 Be7 5. Bg5 Nbd7 6. e3 O-O 7. Qc2 c6 8. Rc1
Re8 9. cxd5 exd5 10. Bxf6 Nxf6 11. Bd3 Bd6 12. h3 Qe7 13. Nd2 g6 14. O-O Nh5
15. Qd1 f5 16. Re1 Be6 17. f4 Nf6 18. Nf3 Ne4 19. Ne5 Rac8 20. Nxe4 fxe4 21.
Be2 c5 22. Bg4 c4 23. Rf1 Rf8 24. Bxe6+ Qxe6 25. Qa4 Bxe5 26. fxe5 a6 27. Qb4
b5 28. a4 bxa4 29. Qxa4 Rf5 30. Rxf5 gxf5 31. Rf1 Rf8 32. Qb4 Rf7 33. Kh2 h6
34. Qa5 Kg7 35. Ra1 f4 36. exf4 Rxf4 37. Ra3 Rf5 38. Qc7+ Rf7 39. Qd8 Kh7 40.
Qa8 Qf5 41. Rg3 Rg7 42. Rxg7+ Kxg7 43. Qxa6 Qf4+ 44. Kg1 Qe3+ 45. Kh2 Qf4+ 46.
Kg1 Qe3+ 1/2-1/2

[Event "Oberliga Ost A 2017 2018"]
[Site "Germany"]
[Date "2018.04.15"]
[Round "11.7"]
[White "Mertens, Fridolin"]
[Black "Boehm, Robert"]
[Result "1/2-1/2"]
[WhiteElo "2137"]
[BlackElo "2148"]
[PlyCount "93"]
[EventDate "2017.10.22"]
[EventType "team-tourn"]
[EventCountry "GER"]
[WhiteTeam "Loeberitz SG"]
[BlackTeam "Hoyerswerda FVS ASP"]
[WhiteTeamCountry "GER"]
[BlackTeamCountry "GER"]

1. e4 c5 2. Nf3 Nc6 3. d4 cxd4 4. Nxd4 Nf6 5. Nc3 d6 6. Bg5 e6 7. Qd2 a6 8.
O-O-O Bd7 9. f4 h6 10. Bxf6 gxf6 11. Be2 Nxd4 12. Qxd4 Be7 13. Bh5 Qa5 14. e5
fxe5 15. fxe5 Bg5+ 16. Kb1 Qxe5 17. Qxe5 dxe5 18. Bxf7+ Ke7 19. Bg6 Rad8 20.
Be4 Bc8 21. Bf3 Rxd1+ 22. Rxd1 Be3 23. Ne4 Rd8 24. Rxd8 Kxd8 25. Nd6 Kc7 26.
Nf7 b6 27. Nxe5 Bf4 28. Nf7 Bxh2 29. Nxh6 Bf4 30. Ng4 Kd6 31. Nf2 Be3 32. Nd3
a5 33. c4 Ba6 34. b3 b5 35. cxb5 Bxb5 36. Kc2 a4 37. bxa4 Bxa4+ 38. Kc3 Be8 39.
Be4 e5 40. Nb4 Kc5 41. Nc2 Bc1 42. Ne1 Be3 43. Nf3 Bf7 44. a3 Bf4 45. g4 Bd5
46. Bxd5 Kxd5 47. Nxe5 1/2-1/2

[Event "Oberliga Ost A 2017 2018"]
[Site "Germany"]
[Date "2018.04.15"]
[Round "11.8"]
[White "Graf, Roland"]
[Black "Boehm, Christian"]
[Result "1/2-1/2"]
[WhiteElo "2103"]
[BlackElo "2040"]
[PlyCount "29"]
[EventDate "2017.10.22"]
[EventType "team-tourn"]
[EventCountry "GER"]
[WhiteTeam "Hoyerswerda FVS ASP"]
[BlackTeam "Loeberitz SG"]
[WhiteTeamCountry "GER"]
[BlackTeamCountry "GER"]

1. d4 Nf6 2. Bf4 d5 3. Nf3 c5 4. e3 Nc6 5. c3 Qb6 6. Qc1 Bf5 7. Nbd2 h6 8. dxc5
Qxc5 9. Nb3 Qb6 10. Nbd4 Bh7 11. h3 a6 12. Be2 e6 13. O-O Be7 14. Rd1 O-O 15.
Bd3 1/2-1/2

[Event "Oberliga Ost A 2017 2018"]
[Site "Germany"]
[Date "2018.04.15"]
[Round "11.1"]
[White "Richter, Leonard"]
[Black "Schmidt Schaeffer, Sebastian"]
[Result "1-0"]
[WhiteElo "2268"]
[BlackElo "2373"]
[PlyCount "83"]
[EventDate "2017.10.22"]
[EventType "team-tourn"]
[EventCountry "GER"]
[WhiteTeam "Leipzig SG II"]
[BlackTeam "Naumburger SV"]
[WhiteTeamCountry "GER"]
[BlackTeamCountry "GER"]

1. e4 d6 2. d4 Nf6 3. Nc3 e5 4. Nf3 Nbd7 5. g4 Nxg4 6. Rg1 Ngf6 7. Be3 h6 8.
Qd3 c6 9. O-O-O Qe7 10. dxe5 dxe5 11. Bh3 g6 12. Nd2 Nc5 13. Bxc5 Qxc5 14. f4
Bxh3 15. Qxh3 Bd6 16. Nb3 Qb6 17. f5 g5 18. Rxg5 O-O-O 19. Rg7 Rd7 20. Rg3 Rhd8
21. Rgd3 h5 22. Nd2 Qa6 23. Qh4 Be7 24. Rxd7 Rxd7 25. Qg3 Bb4 26. Qxe5 Ng4 27.
Qe8+ Rd8 28. Qxf7 Bxc3 29. bxc3 Qa3+ 30. Kb1 Qxc3 31. Qb3 Qxb3+ 32. axb3 Nf2
33. Kc1 Nxd1 34. Kxd1 Rg8 35. Ke2 Rg2+ 36. Ke3 Rxh2 37. e5 h4 38. Nf3 Rxc2 39.
Nxh4 Rc3+ 40. Kf4 Rxb3 41. f6 Kd7 42. f7 1-0